Statistics for Homosexualité dans le monde

Click here to take the quiz!

General Stats

  • This quiz has been taken 335 times
    (244 since last reset)
  • The average score is 14 of 25

Answer Stats

HintAnswer% Correct
France
96%
Etats-Unis
90%
Espagne
85%
Canada
76%
Portugal
69%
Suède
68%
Belgique
67%
Iran
66%
Norvège
63%
Pays-Bas
60%
Royaume-Uni
60%
Brésil
59%
Arabie saoudite
57%
Argentine
56%
Mexique (partiellement)
55%
Danemark
51%
Luxembourg
46%
Islande
40%
Yémen
38%
Afghanistan
35%
Nouvelle-Zélande
32%
Uruguay
29%
Afrique du sud
28%
Soudan
23%
Mauritanie
13%

Score Distribution

Percentile by Number Answered

Percent of People with Each Score

Your Score History

You have not taken this quiz since the last reset